Land Registration Act (Record no. 69640)

MARC details
000 -LEADER
fixed length control field 01085cam a2200217 4500
001 - CONTROL NUMBER
control field WB3808-27
008 - FIXED-LENGTH DATA ELEMENTS--GENERAL INFORMATION
fixed length control field 020228n2002 000 0 eng u
035 ## - SYSTEM CONTROL NUMBER
System control number (Sirsi) u116906
245 ## - TITLE STATEMENT
Title Land Registration Act
260 ## - PUBLICATION, DISTRIBUTION, ETC.
Date of publication, distribution, etc. 2002
490 ## - SERIES STATEMENT
Series statement RICS Residential Faculty News
Volume/sequential designation 28 February 2002, (2)
520 ## - SUMMARY, ETC.
Summary, etc. The Land Registration Bill received Royal Assent on 26 February 2002. The Act reforms the existing land registration system and introduces electronic conveyancing (e-conveyancing) through the Land Registry. The Act provides a framework for transferring and creating interests in registered land by e-conveyancing of formal documents. It is recommended that access to the e-conveyancing network should be controlled by the Land Registry. The Lord Chancellor would be able to regulate the way in which electronic transactions are carried out.
590 ## - LOCAL NOTE (RLIN)
Local note WB
650 ## - SUBJECT ADDED ENTRY--TOPICAL TERM
Topical term or geographic name entry element LAND REGISTRATION ACT 2002
650 ## - SUBJECT ADDED ENTRY--TOPICAL TERM
Topical term or geographic name entry element LAND REGISTRATION BILL
650 ## - SUBJECT ADDED ENTRY--TOPICAL TERM
Topical term or geographic name entry element ECONVEYANCING
650 ## - SUBJECT ADDED ENTRY--TOPICAL TERM
Topical term or geographic name entry element ECONVEYANCING
650 ## - SUBJECT ADDED ENTRY--TOPICAL TERM
Topical term or geographic name entry element HM LAND REGISTRY
690 ## - LOCAL SUBJECT ADDED ENTRY--TOPICAL TERM (OCLC, RLIN)
Topical term or geographic name as entry element PROPERTY
942 ## - ADDED ENTRY ELEMENTS (KOHA)
Suppress in OPAC 0
Holdings
Withdrawn status Lost status Source of classification or shelving scheme Damaged status Not for loan Home library Current library Shelving location Date acquired Total Checkouts Full call number Barcode Date last seen Copy number Price effective from Koha item type
    Dewey Decimal Classification     London London News article 28/02/2002   WB3808-27 116906-1001 06/08/2019 1 06/08/2019 News article